[Event "PanAm Intercolleagiate-ch 2019"]
[Site "Charlotte"]
[Date "2019.12.29"]
[Round "3.14"]
[White "Shtembuliak, Evgeny"]
[Black "Hevia Alejano, Carlos Antonio"]
[Result "1/2-1/2"]
[WhiteElo "2600"]
[BlackElo "2465"]
[Annotator "RC"]
[PlyCount "58"]
[EventDate "2019.12.27"]
[EventType "team-tourn"]
[EventCountry "USA"]
[SourceTitle "playchess.com"]
[Source "ChessBase"]
[SourceQuality "1"]
[TimeControl "5400+30"]

1. c4 {[%emt 0:00:00]} e5 {[%emt 0:08:49]} 2. Nc3 {[%emt 0:00:00]} Nf6 {[%emt 0:00:16]} 3. Nf3 {[%emt 0:00:00]} Nc6 {[%emt 0:00:07]} 4. e3 {[%emt 0:00:09]} Bb4 {[%emt 0:00:36]} 5. Qc2 {[%emt 0:00:06]} Bxc3 {[%emt 0:01:43]} 6. bxc3 {[%emt 0:00:05]} O-O {[%emt 0:00:15]} 7. d3 {[%emt 0:00:16]} d6 {[%emt 0:00:40]} 8. Be2 {[%emt 0:00:07]} h6 {[%emt 0:05:45]} 9. O-O {[%emt 0:01:45]} b6 {[%emt 0:04:16]} 10. e4 {[%emt 0:03:41]} Ne7 {[%emt 0:01:45]} 11. a4 {[%emt 0:04:24]} a5 {[%emt 0:06:29]} 12. d4 {[%emt 0:06:09]} Bb7 {[%emt 0:14:44]} 13. Nd2 {[%emt 0:08:19]} c5 {[%emt 0:03:39]} 14. dxe5 {[%emt 0:07:48]} dxe5 {[%emt 0:00:01]} 15. Rd1 {[%emt 0:00:23]} Ng6 {[%emt 0:01:53]} 16. g3 {[%emt 0:00:46]} Qc8 {[%emt 0:08:55]} 17. Rb1 {[%emt 0:07:58]} Qc6 {[%emt 0:17:58]} 18. f3 {[%emt 0:01:08]} h5 {[%emt 0:00:57]} 19. Nf1 {[%emt 0:02:35]} h4 {[%emt 0:00:14]} 20. Ne3 {[%emt 0:00:18]} Qe6 {[%emt 0:03:19]} 21. Bf1 {[%emt 0:01:41]} Rad8 {[%emt 0:01:32]} 22. Nd5 {[%emt 0:00:52]} Rd6 {[%emt 0:00:05]} 23. Be3 {[%emt 0:02:07]} Bc8 {[%emt 0:03:30]} 24. Rb2 {[%emt 0:05:52]} Nxd5 {[%emt 0:04:19]} 25. cxd5 {[%emt 0:00:38]} Qf6 {[%emt 0:00:01]} 26. Qf2 {[%emt 0:11:54]} Bd7 {[%emt 0:00:17]} 27. f4 {[%emt 0:34:29]} hxg3 {[%emt 0:04:53]} 28. hxg3 {[%emt 0:00:00]} exf4 {[%emt 0:02:01]} 29. gxf4 {[%emt 0:00:00]} Nh4 {[%emt 0:00:00]} 1/2-1/2

[Event "PanAm Intercolleagiate-ch 2019"]
[Site "Charlotte"]
[Date "2019.12.29"]
[Round "3.16"]
[White "Matsenko, Sergei"]
[Black "Kambrath, Yannick"]
[Result "1/2-1/2"]
[WhiteElo "2542"]
[BlackElo "2371"]
[Annotator "TA"]
[PlyCount "78"]
[EventDate "2019.12.27"]
[EventType "team-tourn"]
[EventCountry "USA"]
[SourceTitle "playchess.com"]
[Source "ChessBase"]
[SourceQuality "1"]

{[%evp 19,78,-24,0,-18,-19,-43,-49,-37,-44,-41,-33,-53,-31,-39,-39,-39,-46,-44,-19,-64,-32,-49,-13,-2,-20,-28,0,0,0,0,0,0,15,-86,-72,-83,-23,-19,0,0,0,0,37,48,53,0,0,0,0,0,0,-10,0,0,0,0,0,0,0,0,0]} 1. Nf3 d5 2. g3 g6 3. Bg2 Bg7 4. c4 c6 5. Qb3 Nf6 6. O-O O-O 7. d4 Qb6 8. c5 Qxb3 9. axb3 Na6 10. Nc3 Bf5 11. Ne5 {D78: Fianchetto Grünfeld: 6 0-0 c6} (11. Bf4 Nd7 12. Rfc1 e5 13. Nxe5 Nxe5 14. Bxe5 Bxe5 15. dxe5 Nxc5 16. Ra3 Nd7 17. f4 f6 18. exf6 Nxf6 {1-0 (78) Laznicka,V (2666)-Durarbayli,V (2600) Ho Chi Minh City 2016}) 11... Nc7 12. h3 Nd7 13. Nxd7 $146 {Black is slightly better.} ({Predecessor:} 13. f4 f6 14. Nf3 e5 15. b4 a6 16. g4 Bc2 17. e3 Rae8 18. Ne1 Bb3 19. Nf3 Bc2 20. Ne1 Bb3 21. Nf3 Bc2 {½-½ (21) Serov,M (2380)-Martynov,P (2078) St Petersburg 2010}) 13... Bxd7 14. Rd1 a6 15. Bf4 Nb5 16. e3 f6 17. Nxb5 axb5 18. Bc7 Rfc8 {[#] aiming for ...Rxa1.} 19. Bb6 Bf5 20. b4 g5 21. Ra5 Rxa5 22. bxa5 Bc2 23. Rd2 Bg6 24. e4 e6 25. f3 f5 {[%cal Rf5e4]} 26. Kf2 (26. e5 $11 {keeps the balance.}) 26... fxe4 $17 ({Reject} 26... dxe4 $6 27. fxe4 fxe4 28. g4 $11) 27. fxe4 Rf8+ ({Don't play} 27... dxe4 $6 28. g4 $11) (27... h5 $17) 28. Ke3 $11 g4 29. Bc7 gxh3 30. Bxh3 Bxe4 {[#] White must now prevent ...Rf3+.} 31. Bxe6+ Kh8 32. Bg4 (32. Bd6 $14 Ra8 33. Be5) 32... Bh6+ {The position is equal.} 33. Bf4 Bxf4+ 34. gxf4 {[%mdl 4096] Endgame KRB-KRB} Rg8 35. Bd1 Rg3+ 36. Kf2 Rg2+ 37. Ke3 Rg3+ 38. Kf2 Rg2+ 39. Ke3 {Strongly threatening Rxg2.} Rg3+ {Accuracy: White = 56%, Black = 60%.} 1/2-1/2

[Event "PanAm Intercolleagiate-ch 2019"]
[Site "Charlotte"]
[Date "2019.12.29"]
[Round "4.1"]
[White "Oparin, Grigoriy"]
[Black "Bruzon Batista, Lazaro"]
[Result "1/2-1/2"]
[WhiteElo "2650"]
[BlackElo "2640"]
[Annotator "TA"]
[PlyCount "95"]
[EventDate "2019.12.27"]
[EventType "team-tourn"]
[EventCountry "USA"]
[SourceTitle "playchess.com"]
[Source "ChessBase"]
[SourceQuality "1"]

{[%evp 19,95,6,16,0,0,0,0,0,0,0,0,0,17,23,26,16,18,17,21,20,10,7,43,39,50,50,52,46,52,33,63,47,47,48,47,42,55,42,48,31,58,51,44,0,0,0,0,0,0,0,0,-177,-137,-185,-178,-183,-81,-146,-131,-130,0,0,0,0,0,0,0,0,0,0,0,0,0,0,0,0,0,0]} 1. d4 Nf6 2. c4 e6 3. Nf3 d5 4. g3 Be7 5. Bg2 O-O 6. O-O dxc4 7. Qc2 a6 8. a4 Bd7 9. Qxc4 Bc6 10. Bf4 Nbd7 11. Qc1 {E05: Open Catalan: 5 Nf3 Be7} (11. Qc2 Bd6 12. Bg5 h6 13. Bxf6 Nxf6 14. Nbd2 Bb4 15. e3 a5 16. Rfd1 Rc8 17. Rac1 Bxf3 18. Bxf3 c6 {½-½ (42) Ding,L (2804)-Giri,A (2780) Batumi 2018}) 11... Rc8 12. Rd1 Bd6 13. Nc3 Qe7 14. a5 $146 ({Predecessor:} 14. Bg5 h6 15. Bh4 Bb4 16. d5 exd5 17. Nd4 Qe5 18. Bh3 Rb8 {0-1 (55) Korovin,M (2312)-Sadykov,R (2356) Kazan 2017}) 14... Rfd8 15. Re1 Bxf4 16. Qxf4 Qb4 17. Reb1 Bxf3 18. Bxf3 c6 19. Ra4 Qe7 20. Rd1 Nf8 21. e4 Rd7 22. Qe3 Rcd8 23. h4 h6 24. Kg2 Ng6 25. h5 Nf8 {[%cal Bg6f8,Bf8h7,Bh7g5][%mdl 32]} 26. Rc4 N8h7 27. Rc5 Ng5 28. Be2 Ne8 29. f4 Rxd4 {[%mdl 64] [#] Remove Defender} 30. Rxd4 Qxc5 {[%mdl 64] Double Attack} 31. Rxd8 (31. Rd3 $5 {[%cal Re3c5]} Qxe3 32. Rxe3 $11) 31... Qxe3 32. Rxe8+ Kh7 33. fxg5 {aiming for Re7.} Qd2 34. g6+ $1 {[%mdl 64] [#] Decoy} fxg6 35. hxg6+ (35. Rxe6 $11 {remains equal.} gxh5 36. Kh3) 35... Kxg6 $17 36. Rxe6+ Kf7 37. Re5 g6 (37... Qxb2 $19 {is more deadly.} 38. Rf5+ Ke7) 38. Rc5 Qxb2 39. e5 Qb4 ({Better is} 39... Ke7 $17 40. Rc4 Qa3) 40. Bc4+ $11 {The position is equal.} Ke7 (40... Ke8 $5 41. Ne4 $8 Kd8 $11) 41. Ne4 Qe1 42. Bd3 Qb4 43. Kf3 Qa3 44. Ke3 Qa1 45. Ke2 Qb2+ 46. Kf3 Qd4 47. Ke2 Qb2+ 48. Kf3 {Accuracy: White = 70%, Black = 59%.} 1/2-1/2

[Event "PanAm Intercolleagiate-ch 2019"]
[Site "Charlotte"]
[Date "2019.12.29"]
[Round "4.3"]
[White "Repka, Christopher"]
[Black "Nyzhnyk, Illya"]
[Result "0-1"]
[WhiteElo "2485"]
[BlackElo "2660"]
[Annotator "TA"]
[PlyCount "79"]
[EventDate "2019.12.27"]
[EventType "team-tourn"]
[EventCountry "USA"]
[SourceTitle "playchess.com"]
[Source "ChessBase"]
[SourceQuality "1"]

{[%evp 18,79,13,14,28,11,28,33,31,8,13,8,8,7,11,-15,-22,-26,-8,-18,0,-39,-33,-34,-22,-30,-20,-21,-34,-18,-22,-11,-16,-12,-14,-18,-11,-11,-11,-8,-10,-36,0,0,0,0,0,0,0,-11,0,-26,-23,-26,0,0,0,0,0,0,0,0,0,0]} 1. Nf3 Nf6 2. c4 c6 3. g3 g6 4. Bg2 Bg7 5. d4 O-O 6. O-O d6 7. Nc3 Bf5 8. Re1 Ne4 9. Qb3 Nxc3 10. bxc3 Bc8 {E62: King's Indian: Fianchetto: 6...c6 and Panno Variation (6...Nc6) without ...a6} 11. a4 (11. e4 Nd7 12. Ba3 c5 13. e5 dxe5 14. dxe5 e6 15. Bc1 Qc7 16. Bf4 b6 17. Rad1 Bb7 18. Qc2 {½-½ (40) Gabuzyan,H (2566)-Efimenko,Z (2636) Abu Dhabi 2017}) 11... Nd7 12. a5 Qc7 $146 {White is slightly better.} ({Predecessor:} 12... Rb8 13. e4 Qc7 14. Be3 b6 15. axb6 axb6 16. e5 dxe5 17. Nxe5 Nxe5 18. Bf4 {½-½ (33) Mozny,M (2425)-Hadraba,V (2240) Czechia 2001}) 13. e4 e5 14. Qa3 Re8 15. h4 c5 {[%cal Re5d4]} 16. dxe5 (16. Be3 {is interesting.} Bf8 17. d5 Nf6 18. Nh2 Bg7 19. Qa2) 16... Nxe5 17. Nxe5 Bxe5 18. Be3 Rb8 19. f4 Bg7 20. e5 {[#] Hoping for exd6.} b6 21. axb6 axb6 22. Qa7 Qxa7 23. Rxa7 dxe5 24. Bc6 $1 {[%cal Rc6e8]} Rd8 25. Bd5 Rd7 26. Rea1 {[#] And now Ra8 would win.} Rxa7 27. Rxa7 Be6 28. Bxe6 fxe6 $11 {[%mdl 4096] Endgame KRB-KRB} 29. Re7 Bf6 30. Rxe6 Kf7 31. Rc6 e4 32. Rc7+ Kg8 33. Kf2 h5 34. Ke2 Bxc3 35. Re7 Rd8 36. Re6 {The position is equal.} Kf7 37. Rxb6 Bd4 38. Rb7+ Ke6 39. Rb5 Kf6 40. Bxd4+ {[%mdl 32768] Accuracy: White = 65%, Black = 69%. . Loss on time!?} 0-1

[Event "PanAm Intercolleagiate-ch 2019"]
[Site "Charlotte"]
[Date "2019.12.29"]
[Round "4.4"]
[White "Hakobyan, Aram"]
[Black "Tokhirjonova, Gulrukhbegim"]
[Result "*"]
[WhiteElo "2576"]
[BlackElo "2421"]
[Annotator "ChessBase"]
[PlyCount "60"]
[EventDate "2019.12.27"]
[EventType "team-tourn"]
[EventCountry "USA"]
[SourceTitle "playchess.com"]
[Source "ChessBase"]
[SourceQuality "1"]
[TimeControl "5400+30"]

1. Nf3 {[%emt 1:30:30]} d5 {[%emt 1:30:30]} 2. g3 {[%emt 0:00:30]} g6 {[%emt 0:00:30]} 3. Bg2 {[%emt 0:00:30]} Bg7 {[%emt 0:00:30]} 4. O-O {[%emt 0:00:30]} Nf6 {[%emt 0:00:30]} 5. c4 {[%emt 0:00:30]} c6 {[%emt 0:00:30]} 6. b3 {[%emt 0:00:30]} Ne4 {[%emt 0:00:30]} 7. d4 O-O {[%emt 0:00:30]} 8. Bb2 {[%emt 0:01:00]} a5 {[%emt 0:00:30]} 9. Nc3 {[%emt 0:00:30]} Bf5 {[%emt 0:00:30]} 10. Nh4 {[%emt 0:00:30]} Nxc3 {[%emt 0:00:30]} 11. Bxc3 {[%emt 0:00:30]} Be6 {[%emt 0:00:30]} 12. Qd3 {[%emt 0:00:30]} Nd7 {[%emt 0:00:30]} 13. Rad1 {[%emt 0:00:30]} a4 {[%emt 0:00:30]} 14. Bb4 {[%emt 0:00:30]} axb3 {[%emt 0:00:30]} 15. cxd5 {[%emt 0:00:30]} cxd5 {[%emt 0:00:30]} 16. Qxb3 {[%emt 0:00:30]} Nb6 {[%emt 0:00:30]} 17. Bxe7 {[%emt 0:00:30]} Qxe7 {[%emt 0:00:30]} 18. Qxb6 {[%emt 0:00:30]} Rxa2 {[%emt 0:00:30]} 19. e3 {[%emt 0:00:30]} Bf6 {[%emt 0:00:30]} 20. Nf3 {[%emt 0:00:30]} Rc8 {[%emt 0:00:30]} 21. Ra1 {[%emt 0:00:30]} Rxa1 {[%emt 0:00:30]} 22. Re1 {[%emt 0:00:30]} Rb1 23. Rxb1 Rc6 {[%emt 0:01:00]} 24. Ra1 Qc7 {[%emt 0:00:30]} 25. Qb5 Kg7 {[%emt 0:00:30]} 26. Bf1 Be7 {[%emt 0:00:30]} 27. Ne1 Bd6 {[%emt 0:00:30]} 28. Nd3 b6 {[%emt 0:00:30]} 29. Rb1 Rc3 {[%emt 0:00:30]} 30. Rb3 {[%emt 0:04:00]} Bf5 *

[Event "PanAm Intercolleagiate-ch 2019"]
[Site "Charlotte"]
[Date "2019.12.29"]
[Round "4.4"]
[White "Hakobyan, Aram"]
[Black "Tokhirjonova, Gulrukhbegim"]
[Result "1-0"]
[WhiteElo "2576"]
[BlackElo "2421"]
[Annotator "ChessBase"]
[PlyCount "123"]
[EventDate "2019.12.27"]
[EventType "team-tourn"]
[EventCountry "USA"]
[SourceTitle "playchess.com"]
[Source "ChessBase"]
[SourceQuality "1"]
[TimeControl "5400+30"]

1. Nf3 {[%emt 1:30:30]} d5 {[%emt 1:30:30]} 2. g3 {[%emt 0:00:30]} g6 {[%emt 0:00:30]} 3. Bg2 {[%emt 0:00:30]} Bg7 {[%emt 0:00:30]} 4. O-O {[%emt 0:00:30]} Nf6 {[%emt 0:00:30]} 5. c4 {[%emt 0:00:30]} c6 {[%emt 0:00:30]} 6. b3 {[%emt 0:00:30]} Ne4 {[%emt 0:00:30]} 7. d4 O-O {[%emt 0:00:30]} 8. Bb2 {[%emt 0:01:00]} a5 {[%emt 0:00:30]} 9. Nc3 {[%emt 0:00:30]} Bf5 {[%emt 0:00:30]} 10. Nh4 {[%emt 0:00:30]} Nxc3 {[%emt 0:00:30]} 11. Bxc3 {[%emt 0:00:30]} Be6 {[%emt 0:00:30]} 12. Qd3 {[%emt 0:00:30]} Nd7 {[%emt 0:00:30]} 13. Rad1 {[%emt 0:00:30]} a4 {[%emt 0:00:30]} 14. Bb4 {[%emt 0:00:30]} axb3 {[%emt 0:00:30]} 15. cxd5 {[%emt 0:00:30]} cxd5 {[%emt 0:00:30]} 16. Qxb3 {[%emt 0:00:30]} Nb6 {[%emt 0:00:30]} 17. Bxe7 {[%emt 0:00:30]} Qxe7 {[%emt 0:00:30]} 18. Qxb6 {[%emt 0:00:30]} Rxa2 {[%emt 0:00:30]} 19. e3 {[%emt 0:00:30]} Bf6 {[%emt 0:00:30]} 20. Nf3 {[%emt 0:00:30]} Rc8 {[%emt 0:00:30]} 21. Ra1 {[%emt 0:00:30]} Rxa1 {[%emt 0:00:30]} 22. Rxa1 Rc6 {[%emt 0:00:30]} 23. Qb5 {[%emt 0:01:00]} Qc7 {[%emt 0:00:30]} 24. Bf1 {[%emt 0:00:30]} Kg7 {[%emt 0:00:30]} 25. Ne1 {[%emt 0:00:30]} Be7 {[%emt 0:00:30]} 26. Nd3 {[%emt 0:00:30]} Bd6 {[%emt 0:00:30]} 27. Rb1 {[%emt 0:00:30]} b6 {[%emt 0:00:30]} 28. Bg2 {[%emt 0:00:30]} Rc3 {[%emt 0:00:30]} 29. Bf1 {[%emt 0:00:30]} Bf5 {[%emt 0:00:30]} 30. Rb3 {[%emt 0:00:30]} Rxb3 {[%emt 0:00:30]} 31. Qxb3 {[%emt 0:00:30]} Qc6 {[%emt 0:00:30]} 32. Qb2 {[%emt 0:00:30]} h5 {[%emt 0:00:30]} 33. Nc1 {[%emt 0:00:30]} h4 {[%emt 0:00:30]} 34. Na2 {[%emt 0:00:30]} Qc7 {[%emt 0:00:30]} 35. Bg2 {[%emt 0:00:30]} b5 {[%emt 0:00:30]} 36. Bxd5 {[%emt 0:00:30]} hxg3 {[%emt 0:00:30]} 37. hxg3 {[%emt 0:00:30]} Bxg3 {[%emt 0:00:30]} 38. fxg3 {[%emt 0:00:30]} Qxg3+ {[%emt 0:00:30]} 39. Bg2 {[%emt 0:00:30]} Qxe3+ {[%emt 0:00:30]} 40. Qf2 {[%emt 0:00:30]} Qd3 {[%emt 0:00:30]} 41. Kh2 {[%emt 0:00:30]} Qc4 {[%emt 0:00:30]} 42. Qd2 {[%emt 0:00:30]} Qc7+ {[%emt 0:00:30]} 43. Kg1 {[%emt 0:00:30]} Qg3 {[%emt 0:00:30]} 44. Qf2 {[%emt 0:00:30]} Qd3 {[%emt 0:00:30]} 45. Kh2 {[%emt 0:00:30]} Be6 {[%emt 0:00:30]} 46. d5 {[%emt 0:00:30]} Bf5 47. Nb4 {[%emt 0:00:30]} Qc3 {[%emt 0:01:00]} 48. Qf4 {[%emt 0:00:30]} Qc4 {[%emt 0:00:30]} 49. Qd2 {[%emt 0:00:30]} Qh4+ {[%emt 0:00:30]} 50. Kg1 {[%emt 0:00:30]} Qg4 {[%emt 0:00:30]} 51. d6 {[%emt 0:00:30]} f6 {[%emt 0:00:30]} 52. Nd5 {[%emt 0:00:30]} Bd7 {[%emt 0:00:30]} 53. Qc3 {[%emt 0:00:30]} Qd1+ {[%emt 0:00:30]} 54. Kf2 {[%emt 0:00:30]} Kh6 {[%emt 0:00:30]} 55. Qxf6 {[%emt 0:00:30]} Qd2+ {[%emt 0:00:30]} 56. Kg1 {[%emt 0:00:30]} Qd1+ {[%emt 0:00:30]} 57. Kh2 {[%emt 0:00:30]} Qh5+ {[%emt 0:00:30]} 58. Kg3 {[%emt 0:00:30]} Qg4+ {[%emt 0:00:30]} 59. Kf2 {[%emt 0:00:30]} b4 {[%emt 0:00:30]} 60. Bh3 {[%emt 0:00:30]} Qxh3 {[%emt 0:00:30]} 61. Qf8+ {[%emt 0:00:30]} Kg5 {[%emt 0:00:30]} 62. Qf4+ {[%emt 0:00:30]} 1-0

[Event "PanAm Intercolleagiate-ch 2019"]
[Site "Charlotte"]
[Date "2019.12.29"]
[Round "4.5"]
[White "Swiercz, Dariusz"]
[Black "Dragun, Kamil"]
[Result "1-0"]
[WhiteElo "2659"]
[BlackElo "2587"]
[Annotator "RC"]
[PlyCount "67"]
[EventDate "2019.12.27"]
[EventType "team-tourn"]
[EventCountry "USA"]
[SourceTitle "playchess.com"]
[Source "ChessBase"]
[SourceQuality "1"]
[TimeControl "5400+30"]

1. d4 {[%emt 1:30:30]} Nf6 {[%emt 1:30:30]} 2. c4 {[%emt 0:00:30]} g6 {[%emt 0:00:30]} 3. Nf3 {[%emt 0:00:30]} Bg7 {[%emt 0:00:30]} 4. g3 {[%emt 0:00:30]} O-O {[%emt 0:00:30]} 5. Bg2 {[%emt 0:00:30]} d6 {[%emt 0:00:30]} 6. O-O {[%emt 0:00:30]} c6 {[%emt 0:00:30]} 7. Nc3 {[%emt 0:00:30]} Bf5 {[%emt 0:00:30]} 8. b3 {[%emt 0:00:30]} Ne4 {[%emt 0:00:30]} 9. Bb2 {[%emt 0:00:30]} Nxc3 {[%emt 0:00:30]} 10. Bxc3 {[%emt 0:00:30]} Be4 {[%emt 0:00:30]} 11. e3 {[%emt 0:00:30]} d5 {[%emt 0:00:30]} 12. Bh3 {[%emt 0:00:30]} dxc4 {[%emt 0:00:30]} 13. bxc4 {[%emt 0:00:30]} c5 {[%emt 0:00:30]} 14. Rc1 {[%emt 0:00:30]} e6 {[%emt 0:00:30]} 15. Nd2 {[%emt 0:00:30]} cxd4 {[%emt 0:00:30]} 16. exd4 {[%emt 0:00:30]} Bc6 {[%emt 0:00:30]} 17. Nb3 {[%emt 0:00:30]} a5 {[%emt 0:00:30]} 18. Qd2 {[%emt 0:00:30]} b6 {[%emt 0:00:30]} 19. d5 {[%emt 0:00:30]} exd5 {[%emt 0:00:30]} 20. Bxg7 {[%emt 0:00:30]} Kxg7 {[%emt 0:00:30]} 21. Rfd1 {[%emt 0:00:30]} d4 {[%emt 0:00:30]} 22. c5 {[%emt 0:00:30]} bxc5 {[%emt 0:00:30]} 23. Rxc5 {[%emt 0:00:30]} Bf3 {[%emt 0:00:30]} 24. Re1 {[%emt 0:00:30]} d3 {[%emt 0:00:30]} 25. Rc8 {[%emt 0:00:30]} Qd6 {[%emt 0:00:30]} 26. Qc3+ {[%emt 0:00:30]} Kh6 {[%emt 0:00:30]} 27. Rxf8 {[%emt 0:00:30]} Qxf8 28. Nd4 {[%emt 0:00:30]} Qb4 {[%emt 0:01:00]} 29. Qxb4 {[%emt 0:00:30]} axb4 {[%emt 0:00:30]} 30. Nxf3 {[%emt 0:00:30]} Rxa2 {[%emt 0:00:30]} 31. Bf1 {[%emt 0:00:30]} b3 {[%emt 0:00:30]} 32. Bxd3 {[%emt 0:00:30]} b2 {[%emt 0:00:30]} 33. Kg2 {[%emt 0:00:30]} Ra1 {[%emt 0:00:30]} 34. Rb1 {[%emt 0:00:30]} 1-0

[Event "PanAm Intercolleagiate-ch 2019"]
[Site "Charlotte"]
[Date "2019.12.29"]
[Round "4.6"]
[White "Stukopin, Andrey"]
[Black "Ipatov, Alexander"]
[Result "0-1"]
[WhiteElo "2578"]
[BlackElo "2631"]
[Annotator "TA"]
[PlyCount "136"]
[EventDate "2019.12.27"]
[EventType "team-tourn"]
[EventCountry "USA"]
[SourceTitle "playchess.com"]
[Source "ChessBase"]
[SourceQuality "1"]

{[%evp 9,136,5,10,15,22,-25,18,16,10,0,0,0,62,54,75,70,88,74,78,-6,-20,-8,-11,-66,-66,-62,-63,-68,-56,-59,-67,-78,-83,-92,-60,-66,-51,-65,-64,-62,-11,-12,-5,-10,-6,-6,-6,-7,-6,-8,-12,-13,-13,-13,-13,-24,-24,-24,-24,-27,-35,-73,-73,-74,-74,-74,-35,-35,-28,-28,-28,-28,-28,-28,-28,-50,0,-50,0,0,0,0,0,0,0,0,0,0,0,0,0,0,0,0,0,0,0,0,0,0,0,0,0,0,0,0,0,-12846,-12835,-12848,-12848,-12850,-12851,-12851,-12851,-12851,-12851,-12851,-12851,-12851,-12851,-12851,-12851,-27996,-27996,-27995,-27995,-27997,-27996]} 1. e4 e5 2. Bc4 Nf6 3. d3 c6 4. Nf3 d5 5. Bb3 a5 6. a4 {C24: Bishop's Opening: 2...Nf6} ({Wrong is} 6. Nxe5 $2 a4 $19) (6. a3 Bd6 7. exd5 Nxd5 8. O-O O-O 9. Re1 Bg4 10. Nbd2 Nd7 11. h3 Bh5 12. Ne4 Qc7 13. Ng3 Bg6 {0-1 (48) Anand,V (2767)-Yu,Y (2738) Stavanger 2019}) 6... Bb4+ 7. Bd2 (7. c3 $5 {[%cal Rc3b4]} Bd6 8. exd5 $14) 7... Bxd2+ 8. Qxd2 {The position is equal.} O-O 9. O-O Re8 10. h3 Na6 $146 (10... Be6 $11) ({Predecessor:} 10... Be6 11. Nxe5 dxe4 12. Bxe6 Rxe6 13. Nc4 exd3 {½-½ (61) Wharrier,J (2351)-Shchebenyuk,T (2057) ICCF email 2013}) 11. exd5 $14 Nc5 12. dxc6 Nxb3 13. cxb3 bxc6 14. Na3 ({White should play} 14. Re1 $16) 14... Nd5 $11 15. Rfe1 f6 16. Nc4 (16. Rad1 $11) 16... c5 $15 {[%mdl 1024] Black has compensation.} 17. Rac1 Bb7 18. Red1 Nf4 {[#] Strongly threatening ...Bxf3.} 19. Ne1 Bd5 20. f3 Re7 21. Qf2 Rb7 22. Nd2 Ne6 23. Ne4 $1 Bxb3 24. Rd2 Qd4 (24... Rab8 $15) 25. Nxc5 $11 Qxf2+ 26. Kxf2 Nxc5 27. Rxc5 Bxa4 28. d4 exd4 29. Rc4 Be8 $36 {[%mdl 2048] Black has some pressure.} 30. Rcxd4 Rab8 31. Nd3 $1 Bg6 32. Kg3 Bxd3 33. R4xd3 Rxb2 34. Rxb2 Rxb2 {[%mdl 4096] Endgame KR-KR} 35. Rd8+ Kf7 36. Rd7+ Kg6 37. Ra7 Rb5 38. h4 h5 39. Kh3 Kh6 40. Ra6 Rf5 41. Kg3 Kh7 42. Ra7 Kh6 43. Ra6 g5 44. hxg5+ Kxg5 45. f4+ Kg6 46. Kh3 Rd5 47. Kh4 Kf5 48. g3 Kg6 49. g4 hxg4 50. Kxg4 Rb5 51. Ra7 f5+ 52. Kg3 Kf6 {And now ...Ke6 would win.} 53. Ra6+ Ke7 54. Kh4 Kd7 55. Kg5 Kc7 56. Re6 Kd7 (56... a4 {with more complications.} 57. Ra6 Kc8 58. Rxa4) 57. Kf6 Rc5 {[#] ...Rc6 is the strong threat.} 58. Kf7 $2 {[%mdl 8192]} (58. Re1 $11) 58... a4 59. Ra6 Rc4 60. Ra5 Rxf4 61. Kf6 Kc6 62. Ra8 Kb7 63. Ra5 Kb6 64. Ra8 Kc5 65. Ke5 Rc4 66. Kxf5 Kb4 {Black mates.} 67. Ke5 a3 68. Kd5 Rh4 {Accuracy: White = 61%, Black = 57%.} 0-1

[Event "PanAm Intercolleagiate-ch 2019"]
[Site "Charlotte"]
[Date "2019.12.29"]
[Round "4.7"]
[White "Theodorou, Nikolas"]
[Black "Belous, Vladimir"]
[Result "1-0"]
[WhiteElo "2555"]
[BlackElo "2529"]
[Annotator "ChessBase"]
[PlyCount "111"]
[EventDate "2019.12.27"]
[EventType "team-tourn"]
[EventCountry "USA"]
[SourceTitle "playchess.com"]
[Source "ChessBase"]
[SourceQuality "1"]
[TimeControl "5400+30"]

1. d4 {[%emt 1:30:30]} Nf6 {[%emt 1:30:30]} 2. c4 {[%emt 0:00:30]} g6 {[%emt 0:00:30]} 3. g3 {[%emt 0:00:30]} Bg7 {[%emt 0:00:30]} 4. Bg2 {[%emt 0:00:30]} c5 {[%emt 0:00:30]} 5. Nf3 {[%emt 0:00:30]} Qa5+ {[%emt 0:00:30]} 6. Bd2 {[%emt 0:00:30]} Qb6 {[%emt 0:00:30]} 7. Qb3 {[%emt 0:00:30]} Ne4 {[%emt 0:00:30]} 8. dxc5 {[%emt 0:00:30]} Qxb3 {[%emt 0:00:30]} 9. axb3 {[%emt 0:00:30]} Bxb2 {[%emt 0:00:30]} 10. Ra2 {[%emt 0:00:30]} Bg7 {[%emt 0:00:30]} 11. Be3 {[%emt 0:00:30]} Na6 {[%emt 0:00:30]} 12. Ra5 {[%emt 0:00:30]} Nb4 {[%emt 0:00:30]} 13. O-O {[%emt 0:00:30]} Nc6 {[%emt 0:00:30]} 14. Ra2 {[%emt 0:00:30]} Nb4 {[%emt 0:00:30]} 15. Ra5 {[%emt 0:00:30]} Nc6 {[%emt 0:00:30]} 16. Ra4 {[%emt 0:00:30]} f5 {[%emt 0:00:30]} 17. b4 {[%emt 0:00:30]} e5 {[%emt 0:00:30]} 18. Nfd2 {[%emt 0:00:30]} Nf6 {[%emt 0:00:30]} 19. b5 {[%emt 0:00:30]} Nd8 {[%emt 0:00:30]} 20. Nb3 {[%emt 0:00:30]} Ne6 {[%emt 0:00:30]} 21. Nc3 {[%emt 0:00:30]} a6 {[%emt 0:00:30]} 22. Nd5 {[%emt 0:00:30]} Rb8 {[%emt 0:00:30]} 23. Rb4 {[%emt 0:00:30]} axb5 {[%emt 0:00:30]} 24. cxb5 {[%emt 0:00:30]} Nxd5 {[%emt 0:00:30]} 25. Bxd5 {[%emt 0:00:30]} Nc7 {[%emt 0:00:30]} 26. Bg2 {[%emt 0:00:30]} Ra8 {[%emt 0:00:30]} 27. b6 {[%emt 0:00:30]} Ne6 {[%emt 0:00:30]} 28. Bd5 {[%emt 0:00:30]} Ke7 {[%emt 0:00:30]} 29. Rd1 {[%emt 0:00:30]} Bf6 {[%emt 0:00:30]} 30. Rb5 {[%emt 0:00:30]} g5 {[%emt 0:00:30]} 31. Ra5 {[%emt 0:00:30]} Rxa5 {[%emt 0:00:30]} 32. Nxa5 {[%emt 0:00:30]} f4 {[%emt 0:00:30]} 33. Bc1 {[%emt 0:00:30]} Nxc5 {[%emt 0:00:30]} 34. Ba3 {[%emt 0:00:30]} d6 35. Nc4 {[%emt 0:00:30]} e4 {[%emt 0:01:00]} 36. Bc6 {[%emt 0:00:30]} bxc6 {[%emt 0:00:30]} 37. Nxd6 {[%emt 0:00:30]} Ke6 {[%emt 0:00:30]} 38. Bxc5 {[%emt 0:00:30]} Rd8 {[%emt 0:00:30]} 39. Rb1 {[%emt 0:00:30]} Be5 {[%emt 0:00:30]} 40. Nxe4 {[%emt 0:00:30]} Kf5 {[%emt 0:00:30]} 41. Nxg5 {[%emt 0:00:30]} Rd5 {[%emt 0:00:30]} 42. e4+ {[%emt 0:00:30]} fxe3 {[%emt 0:00:30]} 43. Bxe3 {[%emt 0:00:30]} Rb5 {[%emt 0:00:30]} 44. Rc1 {[%emt 0:00:30]} Bb7 {[%emt 0:00:30]} 45. Nxh7 {[%emt 0:00:30]} Bb2 {[%emt 0:00:30]} 46. Rd1 {[%emt 0:00:30]} c5 {[%emt 0:00:30]} 47. Rd7 {[%emt 0:00:30]} Ba8 {[%emt 0:00:30]} 48. h3 {[%emt 0:00:30]} Bg7 {[%emt 0:00:30]} 49. f4 {[%emt 0:00:30]} Bc3 {[%emt 0:00:30]} 50. Ng5 {[%emt 0:00:30]} c4 {[%emt 0:00:30]} 51. Rf7+ {[%emt 0:00:30]} Kg6 {[%emt 0:00:30]} 52. f5+ {[%emt 0:00:30]} Rxf5 {[%emt 0:00:30]} 53. b7 {[%emt 0:00:30]} Bxb7 {[%emt 0:00:30]} 54. Rxb7 {[%emt 0:00:30]} Bf6 {[%emt 0:00:30]} 55. Rb6 {[%emt 0:00:30]} c3 {[%emt 0:00:30]} 56. Ne4 {[%emt 0:00:30]} 1-0